logo

Bir Sreshtho Munshi Abdur Rouf Library
Jhenaidah Cadet College

The kite runner : (Record no. 12022)

MARC details
000 -LEADER
fixed length control field 01851nam a22003377a 4500
001 - CONTROL NUMBER
control field 12022
003 - CONTROL NUMBER IDENTIFIER
control field BD-JhCC
005 - DATE AND TIME OF LATEST TRANSACTION
control field 20221124134023.0
007 - PHYSICAL DESCRIPTION FIXED FIELD--GENERAL INFORMATION
fixed length control field ta
008 - FIXED-LENGTH DATA ELEMENTS--GENERAL INFORMATION
fixed length control field 210307s2007 nyu 22 eng
017 ## - COPYRIGHT OR LEGAL DEPOSIT NUMBER
Copyright or legal deposit number PA1-590-360
Assigning agency U.S. Copyright Office
020 ## - INTERNATIONAL STANDARD BOOK NUMBER
International Standard Book Number 9781408844441
035 ## - SYSTEM CONTROL NUMBER
System control number (BD-JhCC)12022
040 ## - CATALOGING SOURCE
Original cataloging agency DLC
Transcribing agency DLC
Description conventions amim
Modifying agency DLC
-- BD-JhCC
043 ## - GEOGRAPHIC AREA CODE
Geographic area code a-af---
050 00 - LIBRARY OF CONGRESS CALL NUMBER
Classification number CGE 2373-2379 (viewing print)
082 ## - DEWEY DECIMAL CLASSIFICATION NUMBER
Classification number 813.6
Item number HOS 2007
100 ## - MAIN ENTRY--PERSONAL NAME
Personal name Hosseini, Khaled
245 04 - TITLE STATEMENT
Title The kite runner :
Remainder of title a thousand splendid suns /
Statement of responsibility, etc. Khaled Hosseini
260 ## - PUBLICATION, DISTRIBUTION, ETC.
Place of publication, distribution, etc. London :
Name of publisher, distributor, etc. Bloomsbury,
Date of publication, distribution, etc. 2007.
300 ## - PHYSICAL DESCRIPTION
Extent 417 p. :
Other physical details sd., col. ;
Dimensions 21 cm.
520 ## - SUMMARY, ETC.
Summary, etc. A Thousand Splendid Suns is a breathtaking story set against the volatile events of Afghanistan's last thirty years-from the Soviet invasion to the reign of the Taliban to post-Taliban rebuilding-that puts the violence, fear, hope and faith of this country in intimate, human terms. It is a tale of two generations of characters brought jarringly together by the tragic sweep of war, where personal lives-the struggle to survive, raise a family, find happiness-are inextricable from the history playing out around them. Propelled by the same storytelling instinct that made The Kite Runner a beloved classic, A Thousand Splendid Suns is at once a remarkable chronicle of three decades of Afghan history and a deeply moving account of family and friendship. It is a striking, heart wrenching novel of an unforgiving time, an unlikely friendship, and an indestructible love-a stunning accomplishment.
650 #0 - SUBJECT ADDED ENTRY--TOPICAL TERM
Topical term or geographic name entry element Male friendship
Form subdivision Drama.
650 #0 - SUBJECT ADDED ENTRY--TOPICAL TERM
Topical term or geographic name entry element Social classes
Form subdivision Drama.
650 #0 - SUBJECT ADDED ENTRY--TOPICAL TERM
Topical term or geographic name entry element Betrayal
Form subdivision Drama.
650 #0 - SUBJECT ADDED ENTRY--TOPICAL TERM
Topical term or geographic name entry element Boys
Form subdivision Drama.
651 #0 - SUBJECT ADDED ENTRY--GEOGRAPHIC NAME
Geographic name Afghanistan
Form subdivision Drama.
655 #7 - INDEX TERM--GENRE/FORM
Genre/form data or focus term Film adaptations.
Source of term lcgft
655 #7 - INDEX TERM--GENRE/FORM
Genre/form data or focus term Fiction films.
Source of term lcgft
942 ## - ADDED ENTRY ELEMENTS (KOHA)
Source of classification or shelving scheme Dewey Decimal Classification
Koha item type Books
Koha issues (borrowed), all copies 10
Holdings
Withdrawn status Lost status Source of classification or shelving scheme Damaged status Not for loan Home library Current library Shelving location Date acquired Cost, normal purchase price Total Checkouts Full call number Barcode Checked out Date last seen Date last checked out Copy number Price effective from Koha item type
    Dewey Decimal Classification     JCC Rouf Library JCC Rouf Library General Stacks 03/07/2021 895.00 19 813.6 HOS 2007 16555 01/13/2026 12/18/2025 12/18/2025 C-1 03/07/2021 Books

JCC Library | Contacts | JCC Home

Last Update on 23 September 2017
Copyright @ 2017-2020 JCC Rouf Library
Rouf Library, Jhenidah Cadet College (JCC), Bangladesh